Pink Floyd - The Dark Side Of The Moon Songs - Statistics

General Stats
  • This quiz has been taken 473 times
  • The average score is 7 of 10
Answer Stats
Listens Song % Correct
524,389,736 Money
96%
384,819,653 Time
90%
315,609,105 The Great Gig In The Sky
76%
192,549,496 Us And Them
75%
203,807,190 Brain Damage
73%
90,974,127 Eclipse
73%
374,570,910 Breathe (In The Air)
63%
108,879,837 On The Run
56%
106,230,906 Any Colour You Like
54%
104,370,102 Speak To Me
48%
No matching quizzes found
Score Distribution
Percent of People with Each Score
Percentile by Number Answered
Your Score History
You have not taken this quiz